| 000 | 00841cab a2200265 4500 | ||
|---|---|---|---|
| 001 | ABS59811 | ||
| 008 | 090401t1999 xxu||||| |||| 00| 0 eng d | ||
| 035 | _a(Sirsi) u90393 | ||
| 041 | _aeng | ||
| 100 | _aBenjamin, A. | ||
| 245 | _aNew trends in social housing practice: equity release | ||
| 260 | _c1999 | ||
| 350 | _a0 | ||
| 490 |
_aRoof _v24(1) January 1999, 31-36(6) |
||
| 520 | _aDiscusses the role that equity release schemes could play to enable local authorities to protect their declining local housing markets in collaboration with social landlords. | ||
| 650 | _aEQUITY RELEASE SCHEMES | ||
| 650 | _aHOUSING MARKET | ||
| 650 | _aLOCAL AUTHORITIES | ||
| 650 | _aPRIVATE SECTOR | ||
| 650 | _aSOCIAL LANDLORDS | ||
| 690 | _aHOUSING-HOUSING FINANCE | ||
| 700 | _aDwelly, T. | ||
| 942 | _n0 | ||
| 948 | _c21/12/1998 | ||
| 999 |
_c57310 _d57310 |
||